| 000 | 00613nam a2200205 u 4500 | ||
|---|---|---|---|
| 005 | 20220622063635.0 | ||
| 008 | 141022s2004 r 000 0 eng d | ||
| 020 | _a8426352685 | ||
| 035 | _aUPN01000200496 | ||
| 049 | _aI | ||
| 050 | 4 |
_aPZ76.3 _bV4.3 |
|
| 100 | 1 |
_aVentura, Antonio, _d1954- _931811 |
|
| 245 | 1 | 0 |
_aDos lobos blancos / _cAntonio Ventura ; il. Teresa Novoa. |
| 260 |
_aMadrid : _bEdelvives, _c2004. |
||
| 300 |
_a[31] p. : _bprincipalmente il. col. |
||
| 650 | 4 |
_aLOBOS - _vLITERATURA INFANTIL _921757 |
|
| 650 | 0 |
_aAnimales _vCuentos y leyendas _9234 |
|
| 905 | _aInfantil | ||
| 999 |
_c172597 _d172597 |
||